Statistics for Kennedy Center Honorees

Click here to take the quiz!

General Stats

  • This quiz has been taken 168 times
    (161 since last reset)
  • The average score is 33 of 201

Answer Stats

HintAnswer% Correct
1987Bette Davis
58%
2003Carol Burnett
58%
1983James Stewart
58%
2000Clint Eastwood
53%
1979Henry Fonda
53%
2008Barbra Streisand
47%
2013Billy Joel
47%
2002Elizabeth Taylor
47%
1983Frank Sinatra
47%
2001Jack Nicholson
47%
198Lucille Ball
47%
2009Robert De Niro
47%
2014Tom Hanks
47%
2007Diana Ross
42%
2006Dolly Parton
42%
2004Elton John
42%
1978Fred Astaire
42%
1988George Burns
42%
1991Gregory Peck
42%
1993Johnny Carson
42%
2001Julie Andrews
42%
1994Kirk Douglas
42%
2010Paul McCartney
42%
1985Bob Hope
37%
2009Bruce Springsteen
37%
1981Cary Grant
37%
2012David Letterman
37%
1982Gene Kelly
37%
2005Robert Redford
37%
1987Sammy Davis, Jr.
37%
2013Shirley MacLaine
37%
1995Sidney Poitier
37%
2016Al Pacino
32%
2001Angela Lansbury
32%
1994Aretha Franklin
32%
1997Bob Dylan
32%
2015Carole King
32%
2012Dustin Hoffman
32%
1997Lauren Bacall
32%
2014Lily Tomlin
32%
2009Mel Brooks
32%
2008Morgan Freeman
32%
2010Oprah Winfrey
32%
2015Rita Moreno
32%
1993Stephen Sondheim
32%
1997Charlton Heston
26%
2016Eagles
26%
2017Gloria Estefan
26%
1996Jack Lemmon
26%
1999Jason Robards
26%
1996Johnny Cash
26%
2012Led Zeppelin
26%
2007Martin Scorsese
26%
2003Mike Nichols
26%
1986Ray Charles
26%
199Sean Connery
26%
2004Warren Beatty
26%
2011Yo-Yo Ma
26%
2014Al Green
21%
2011Barbara Cook
21%
1998Bill Cosby
21%
1990Billy Wilder
21%
2002Chita Rivera
21%
2015George Lucas
21%
1992Ginger Rogers
21%
1981Helen Hayes
21%
1980James Cagney
21%
2004John Williams
21%
1991Katharine Hepburn
21%
1980Leonard Bernstein
21%
2003Loretta Lynn
21%
2011Neil Diamond
21%
2000Placido Domingo
21%
1998Shirley Temple Black
21%
2007Steve Martin
21%
1999Stevie Wonder
21%
2008Twyla Tharp
21%
1998Willie Nelson
21%
2006Andrew Lloyd Webber
16%
1984Arthur Miller
16%
1985Beverly Sills
16%
1979Ella Fitzgerald
16%
1986Hume Cronyn and Jessica Tandy
16%
2003Itzhak Perlman
16%
2003James Brown
16%
2002James Earl Jones
16%
1982Lillian Gish
16%
2017LL Cool J
16%
1992Paul Newman and Joanne Woodward
16%
2002Paul Simon
16%
2014Sting
16%
2005Tina Turner
16%
2005Tony Bennett
16%
2010Bill T. Jones
11%
2007Brian Wilson
11%
2000Chuck Berry
11%
2015Cicely Tyson
11%
1989Claudette Colbert
11%
1981Count Basie
11%
1996Edward Albee
11%
1983Elia Kazan
11%
2008George Jones
11%
2013Herbie Hancock
11%
2016James Taylor
11%
2010Jerry Herman
11%
1997Jessye Norman
11%
1990Jule Styne
11%
2005Julie Harris
11%
2001Luciano Pavarotti
11%
1980Lynn Fontaine
11%
2016Mavis Staples
11%
2011Meryl Streel
11%
2000Mikhail Baryshnikov
11%
1995Neil Simon
11%
1987Perry Como
11%
1994Pete Seeger
11%
2001Quincy Jones`
11%
1978Richard Rodgers
11%
2006Smokey Robinson
11%
2006Steven Spielburg
11%
1979Tennessee Williams
11%
1999Victor Borge
11%
1979Aaron Copland
5%
1980Agnes de Mille
5%
1993Arthur Mitchell
5%
2012Buddy Guy
5%
2013Carlos Santana
5%
1984Danny Kaye
5%
2009Dave Brubeck
5%
1990Dizzy Gillespie
5%
1978George Balanchine
5%
198Harry Belafonte
5%
1985Irene Dunne
5%
1984Isaac Stern
5%
1981Jerome Robbins
5%
2004Joan Sutherland
5%
1984Lena Horne
5%
1980Leontyne Price
5%
2017Lionel Richie
5%
1978Marian Anderson
5%
1996Maria Tallchief
5%
1995Marilyn Horne
5%
1979Martha Graham
5%
1989Mary Martin
5%
1985Merce Cunningham
5%
2017Norman Lear
5%
2014Patricia McBride
5%
2008Pete Townshend and Roger Daltrey
5%
1995Riley B.B. King
5%
1991Roy Acuff
5%
2015Seiji Ozawa
5%
1991Adolph Green
0%
1985Alan Jay Lerner and Frederick Lowe
0%
1988Alexander Schneider
0%
1989Alexandra Danilova
0%
1988Alvin Ailey
0%
198Alwin Nikolais
0%
1998Andre Previn
0%
1986Antony Tudor
0%
1978Arthur Rubenstein
0%
1996Benny Carter
0%
1982Benny Goodman
0%
1991Betty Comden
0%
2017Carmen de Lavallade
0%
1997Edward Villella
0%
1982Eugene Ormandy
0%
1991Fayard and Harold Nicholas
0%
1998Fred Ebb and John Kander
0%
1982George Abbott
0%
1993Georg Solti
0%
1984Gian Carlo Menotti
0%
2009Grece Bumbry
0%
1994Harold Prince
0%
1995Jacques d'Amboise
0%
2002James Levine
0%
1999Judith Jamison
0%
1982Katherine Dunham
0%
2007Leon Fleisher
0%
1992Lionel Hampton
0%
1993Marion Williams
0%
2016Martha Argerich
0%
2013Martina Arroyo
0%
2010Merle Haggard
0%
1994Morton Gould
0%
1992Mstislav Rostropovich
0%
1988Myrna Loy
0%
2012Natalia Makarova
0%
1987Nathan Milstein
0%
2004Ossie Davis and Ruby Dee
0%
1992Paul Taylor
0%
1990Rise Stevens
0%
1991Robert Shaw
0%
1988Roger L. Stevens
0%
1981Rudolf Serkin
0%
2011Sonny Rollins
0%
2005Suzanne Farrell
0%
2001Van Cliburn
0%
1983Virgil Thomson
0%
1989William Schuman
0%
1986Yehudi Menuhim
0%
2006Zubin Mehta
0%

Score Distribution

Percentile by Number Answered

Percent of People with Each Score

Your Score History

You have not taken this quiz since the last reset